000 01204nam a22003617a 4500
003 CHAP
005 20220329134252.0
008 971013s1981 r 00010 d
010 _a17889
011 _a18861
035 _a22946
040 _cCHAP
090 _aTesis
100 0 0 _aBlanco Pérez, Raúl.
_913092
245 _aFactibilidad técnico-económica de una planta de embutidos y carnes frias en el estado de Durango
260 _aMéxico, D. F. :
_bEl autor,
_c1981
300 _a149 h.
_b: ilus.
502 _aTesis (Lic. en Economía) -- UNAM. Facultad de Economía
590 _aALEPH
_b10
_c20130110
_lUCH01
_h1241
590 _aBATCH-UPD
_b10
_c20130109
_lUCH01
_h2322
590 _aBATCH-UPD
_b10
_c20130110
_lUCH01
_h0837
590 _aBATCH-UPD
_b10
_c20130409
_lUCH01
_h1845
590 _aBATCH-UPD
_b10
_c20130410
_lUCH01
_h0515
590 _aBATCH-UPD
_b10
_c20130914
_lUCH01
_h0643
590 _aCONVERSION
_b10
_c20130109
_lUCH01
_h1311
650 1 4 _aCarne
_xAspectos económicos.
_919062
650 1 4 _aCarne
_xMercadeo.
_919090
650 1 4 _aCarne
_xSubproductos.
_919111
650 1 4 _aEmbutidos.
_936500
901 _aBK
942 _cTESIS
949 _bBC
_cTES
_d-53546
_eTS1
_i22946
_si
999 _c17889
_d17889